Introduction to positive economics (Record no. 5640)

000 -LEADER
fixed length control field 00453nam a22001817a 4500
001 - CONTROL NUMBER
control field 5640
003 - CONTROL NUMBER IDENTIFIER
control field BD-DhUET
008 - FIXED-LENGTH DATA ELEMENTS--GENERAL INFORMATION
fixed length control field 141127b xxu||||| |||| 00| 0 eng d
040 ## - CATALOGING SOURCE
Transcribing agency 0
Modifying agency BD-DhUET
082 ## - DEWEY DECIMAL CLASSIFICATION NUMBER
Classification number 330
Item number LIP/1971
100 ## - MAIN ENTRY--PERSONAL NAME
Personal name Lipsey, Richard G.
245 ## - TITLE STATEMENT
Title Introduction to positive economics
250 ## - EDITION STATEMENT
Edition statement 3rd ed.
260 ## - PUBLICATION, DISTRIBUTION, ETC. (IMPRINT)
Name of publisher, distributor, etc. English Language Book
Place of publication, distribution, etc. Hampshire
Date of publication, distribution, etc. 1971
300 ## - PHYSICAL DESCRIPTION
Extent xx, 740 p.
Other physical details ill.
Dimensions 26 cm.
650 #0 - SUBJECT ADDED ENTRY--TOPICAL TERM
Topical term or geographic name as entry element Economics
942 ## - ADDED ENTRY ELEMENTS (KOHA)
Koha item type General Book
Holdings
Lost status Shelving location Koha collection Location (home branch) Source of classification or shelving scheme Koha date last seen Not for loan Piece designation (barcode) Koha normalized classification for sorting Koha item type Withdrawn status Copy number Damaged status Price effective from Sublocation or collection (holding branch) Koha full call number Date acquired
 Circulation section Central Library, BUET 2014-11-27 23693330LIP1971General Book 1 2014-11-27Central Library, BUET330/LIP/19712014-11-27
 Circulation section Central Library, BUET 2014-11-27 23702330LIP1971General Book 2 2014-11-27Central Library, BUET330/LIP/19712014-11-27
 Circulation section Central Library, BUET 2015-01-27 23689330_000000000000000_LIP_1971General Book 3 2015-01-27Central Library, BUET330/LIP/19712015-01-27
 Circulation section Central Library, BUET 2015-01-27 23684330_000000000000000_LIP_1971General Book 4 2015-01-27Central Library, BUET330/LIP/19712015-01-27
 Circulation section Central Library, BUET 2015-01-27 23710330_000000000000000_LIP_1971General Book 5 2015-01-27Central Library, BUET330/LIP/19712015-01-27
 Circulation section Central Library, BUET 2015-01-27 23713330_000000000000000_LIP_1971General Book 6 2015-01-27Central Library, BUET330/LIP/19712015-01-27
 Cataloging section Central Library, BUET 2015-01-27 23690330_000000000000000_LIP_1971General Book 7 2015-01-27Central Library, BUET330/LIP/19712015-01-27
 Circulation section Central Library, BUET 2015-01-27 23698330_000000000000000_LIP_1971General Book 8 2015-01-27Central Library, BUET330/LIP/19712015-01-27
 Circulation section Central Library, BUET 2015-01-27 23685330_000000000000000_LIP_1971General Book 9 2015-01-27Central Library, BUET330/LIP/19712015-01-27
 Circulation section Central Library, BUET 2015-01-27 23712330_000000000000000_LIP_1971General Book 10 2015-01-27Central Library, BUET330/LIP/19712015-01-27
 Circulation sectionNon FictionCentral Library, BUET 2015-01-28 23677330_000000000000000_LIP_1971General Book 4 2015-01-28Central Library, BUET330/LIP/19712015-01-28
 Circulation sectionNon FictionCentral Library, BUET 2015-01-28 23706330_000000000000000_LIP_1971General Book 30 2015-01-28Central Library, BUET330/LIP/19712015-01-28
 Circulation sectionNon FictionCentral Library, BUET 2015-01-28 23705330_000000000000000_LIP_1971General Book 29 2015-01-28Central Library, BUET330/LIP/19712015-01-28
 Circulation sectionNon FictionCentral Library, BUET 2015-01-28 23680330_000000000000000_LIP_1971General Book 16 2015-01-28Central Library, BUET330/LIP/19712015-01-28
 Circulation section Central Library, BUET 2015-04-20 23691330_000000000000000_LIP_1971General Book 15 2015-04-20Central Library, BUET330/LIP/19712015-04-20